Normal view
MARC view
- Australia
Entry Geographic Name
001 - CONTROL NUMBER
- control field: 952
003 - CONTROL NUMBER IDENTIFIER
- control field: NUST
005 - DATE AND TIME OF LATEST TRANSACTION
- control field: 20170516190316.0
008 - FIXED-LENGTH DATA ELEMENTS
- fixed length control field: 170516|| aca||aabn | a|a d
040 ## - CATALOGING SOURCE
- Original cataloging agency: NUST
- Transcribing agency: NUST
151 ## - HEADING--GEOGRAPHIC NAME
- Geographic name: Australia
- General subdivision: Fiction.
670 ## - SOURCE DATA FOUND
- Source citation: Work cat.: (NUST)0: Malouf, David, 1934- 951, The conversations at Curlow Creek /, c1996.
